[Event "American Continental (Women) 07th"]
[Site "Buenos Aires"]
[Date "2014.03.23"]
[Round "3"]
[White "Quilca Tapara, Carmen"]
[Black "Flores, Nancy"]
[Result "0-1"]
[WhiteElo "1417"]
[BlackElo "1983"]
[PlyCount "70"]
[EventDate "2014.03.21"]
[EventType "swiss"]
[EventRounds "9"]
[EventCountry "ARG"]
[SourceTitle "CBM 159 Extra"]
[Source "ChessBase"]
[SourceDate "2014.04.24"]
[SourceVersion "1"]
[SourceVersionDate "2014.04.24"]
[SourceQuality "1"]

1. c4 Nf6 2. Nc3 d5 3. cxd5 Nxd5 4. g3 g6 5. Bg2 Nxc3 6. bxc3 Bg7 7. Nf3 c5 8. 0-0 0-0 9. Qc2 Nc6 10. Bb2 Bg4 11. d3 Qd7 12. Rfe1 Rab8 13. c4 Nd4 14. Nxd4 cxd4 15. Reb1 Rfc8 16. Qd2 Rc5 17. h3 Bxh3 18. Ba3 Ra5 19. Bf3 Re5 20. Bd5 Rxd5 21. cxd5 Qxd5 22. f3 Bf6 23. Qf4 Re8 24. Qh6 Bd7 25. Kg2 Bg5 26. Qh2 h6 27. Rb2 e5 28. g4 Bxg4 29. Rc2 b6 30. Bb4 e4 31. dxe4 Rxe4 32. Qb8+ Kh7 33. fxe4 Qxe4+ 34. Kg3 Qe3+ 35. Kg2 Qh3+ 0-1